| 000 | 00357nam a2200157Ia 4500 | ||
|---|---|---|---|
| 008 | 210210b xxu||||| |||| 00| 0 eng d | ||
| 041 | _aeng | ||
| 082 | _a874/4 | ||
| 100 | _aARYABHADAN | ||
| 245 | _aKarunayum kuchelavrithavum | ||
| 260 |
_a _b- _c |
||
| 650 | _akuchelavrithavum | ||
| 650 | _aKarunayum | ||
| 690 | _aMalayalam Criticism | ||
| 906 | _a002599 | ||
| 999 |
_c124569 _d124569 |
||